| 000 | 00760nam a2200181 a 4500 | ||
|---|---|---|---|
| 008 | 121019s1996 ||||||||||||||||| || u | ||
| 050 | _aPAPERS/STAFF/SIZIYA | ||
| 100 | _aSiziya, Seter | ||
| 245 | 1 | 0 |
_aNon-condom use among female nurses in Zambia _cby Seter Siziya; [and others] |
| 260 |
_aLusaka: _bUniversity of Zambia, School of Medicine _c1996 |
||
| 300 | _ap. 188 - p.191: ill. | ||
| 490 | _aCentral African Journal of Medicine. 42. No. 7 | ||
| 500 | _aBibliography | ||
| 650 | _aCONDOM USE--HEALTH WORKERS--ZAMBIA | ||
| 650 | _aNURSES--CONDOM USEAGE--ZAMBIA | ||
| 650 | _aCONDOM USEAGE IN ZAMBIA | ||
| 995 |
_aSPECIAL COLLECTIONS _e308 _FCBU-SCHOOL OF MEDICINE LIBRARY (Ndola) _jPAPERS/STAFF/SIZIYA _M1 _UAVAILABLE _WDec 4, 2012 _yB308 _ZZambiana Collection |
||
| 999 |
_c32180 _d32180 |
||